Site waste management (Record no. 110503)

MARC details
000 -LEADER
fixed length control field 01068cad a22002415a 4500
001 - CONTROL NUMBER
control field E149449
008 - FIXED-LENGTH DATA ELEMENTS--GENERAL INFORMATION
fixed length control field 100308s2008 xxko f 000 0 eng d
020 ## - INTERNATIONAL STANDARD BOOK NUMBER
International Standard Book Number 9781848060272
035 ## - SYSTEM CONTROL NUMBER
System control number (Sirsi) u149449
041 0# - LANGUAGE CODE
Language code of text/sound track or separate title eng
100 1# - MAIN ENTRY--PERSONAL NAME
Personal name Adams, Katherine
245 00 - TITLE STATEMENT
Title Site waste management
Remainder of title guidance and templates for effective site waste management plans
Medium [electronic resource]
260 ## - PUBLICATION, DISTRIBUTION, ETC.
Place of publication, distribution, etc. Amersham
Name of publisher, distributor, etc. NHBC Foundation
Date of publication, distribution, etc. 2008
490 #0 - SERIES STATEMENT
Series statement NF
Volume/sequential designation 8
520 ## - SUMMARY, ETC.
Summary, etc. Guide which sets out how to deal with onsite waste and provides relevant templates in Excel format. Different sections of the guide are aimed at clients, principal contractors, trade contractors and waste contractors. Discusses legal requirements, compliance and best practice.
521 2# - TARGET AUDIENCE NOTE
Target audience note Advanced
651 #4 - SUBJECT ADDED ENTRY--GEOGRAPHIC NAME
Geographic name United Kingdom
Chronological subdivision
690 ## - LOCAL SUBJECT ADDED ENTRY--TOPICAL TERM (OCLC, RLIN)
Topical term or geographic name as entry element ENVIRONMENTAL AND LAND CONSULTANCY-WASTE MANAGEMENT
700 2# - ADDED ENTRY--PERSONAL NAME
Personal name Clift, Mike
700 2# - ADDED ENTRY--PERSONAL NAME
Personal name Zakar, Sziliva
856 40 - ELECTRONIC LOCATION AND ACCESS
Uniform Resource Identifier <a href="https://www.nhbcfoundation.org/Portals/0/NF8_SWMPs.pdf">https://www.nhbcfoundation.org/Portals/0/NF8_SWMPs.pdf</a>
Public note View the report free of charge at www.nhbcfoundation.org
942 ## - ADDED ENTRY ELEMENTS (KOHA)
Suppress in OPAC 0
Holdings
Withdrawn status Lost status Source of classification or shelving scheme Damaged status Not for loan Home library Current library Shelving location Date acquired Total Checkouts Full call number Barcode Date last seen Copy number Price effective from Koha item type
    Dewey Decimal Classification     Virtual Virtual Online 08/03/2010   ONLINE PUBLICATION 149449-2001 06/08/2019 1 06/08/2019 Book